HermitCraft - All YouTube Channels - Statistics

General Stats
  • This quiz has been taken 73 times
    15 since last reset
  • The average score is 31 of 68
Answer Stats
Subscribers MC Username Answer % Correct
2,050,000 GeminiTay GeminiTay
100%
8,770,000 Grian Grian
100%
816,000 iJevin iJevin
93%
1,260,000 impulseSV impulseSV
93%
657,000 Mumbo Mumbo
93%
46,200 PearlescentMoon PearlescentMoo
93%
1,140,000 Tango Tango Tek
93%
2,160,000 GoodTimeWithScar GoodTimesWithScar
86%
9,630,000 Mumbo Mumbo Jumbo
86%
802,000 PearlescentMoon PearlescentMoon
86%
3,990,000 Smallishbeans SmallishBeans
86%
1,860,000 Xisuma xisumavoid
86%
375,000 ZombieCleo ZombieCleo
86%
2,010,000 BdoubleO100 BdoubleO100
79%
2,600,000 Etho EthosLab
79%
2,360,000 Keralis1 Keralis
79%
380,000 xBCrafted xBCrafted
79%
1,030,000 Docm77 docm77
71%
182,000 GeminiTay GeminiTwo
71%
398,000 hypnotizd Hypnotizd
71%
969,000 Grian Two Much Grian
71%
817,000 cubfan135 cubfan135
64%
449,000 falsesymmetry FalseSymmetry
64%
697,000 Renthedog rendog
64%
1,540,000 VintageBeef VintageBeef
64%
103,000 impulseSV, Skizzleman Imp And Skizz
57%
175,000 impulseSV impulseSV2
57%
210,000 Skizzleman MCSkizzleman
57%
147,000 Tango Tango Tek2
57%
338,000 Zedaph ZedaphPlays
57%
89,500 GoodTimeWithScar GoodVodsWithScar
50%
174,000 joehillssays JoeHillsTSD
50%
268,000 Xisuma xisumatwo
50%
109,000 impulseSV, Skizzleman Imp And Skizz Podcast
43%
29,100 PearlescentMoon PearlescentMoonies
43%
39,600 Skizzleman SkizzlemanLive
36%
49,100 Smallishbeans SmallishStreams
36%
543,000 Welsknight Welsknight Gaming
36%
107,000 Xisuma xisumasays
36%
19,300 falsesymmetry FalseLive
29%
134,000 GoodTimeWithScar GoodClipsWithScar
29%
10,300 Renthedog rendogtv
29%
7,910 Xisuma SoulsideEclipse
21%
7,360 xBCrafted xBToo
21%
8,280 ZombieCleo ZombieCleo Streams
21%
121,000 BdoubleO100 BdoubleOLive
14%
15,100 cubfan135 Cub Two
14%
19,100 hypnotizd HypnotizdLIVE
14%
20,600 impulseSV impulseSV Clips
14%
198,000 Smallishbeans More Smallishbeans
14%
3,370 Skizzleman ShorterSkizz
14%
3,990 falsesymmetry Truesymmetry
14%
20,400 VintageBeef VintageBeefPlays
14%
19,600 Zedaph ZedaphPlays2
14%
33,500 BdoubleO100 BDUBSwithCHEESE
7%
2,230 ZombieCleo Cleo's Horde
7%
2,810 iJevin iJevin - 7 Days to Die
7%
8,180 iJevin iJevinTV
7%
41,100 Smallishbeans Inthebeantime
7%
218 BdoubleO100 john “Bdoubleincaseofcopyright” bdoubleo
7%
3,420 Smallishbeans Mouseyluvscheese
7%
115 Mumbo MrOliBrotherhood
7%
46,400 Smallishbeans Smallishbeans Clips
7%
20,300 Mumbo TheMumbo
7%
14,100 Mumbo ThingsInNutshells
7%
15,800 Welsknight Wels After Dark
7%
8,360 Xisuma xisumaextra
7%
20,600 Xisuma xisumamusic
7%
No matching quizzes found
Score Distribution
Percent of People with Each Score
Percentile by Number Answered
Your Score History
You have not taken this quiz since the last reset